[Event "GBR-ch 91st"]
[Site "Scarborough"]
[Date "2004.08.06"]
[Round "5.16"]
[White "Muir, Andrew J"]
[Black "Sisask, Jesper"]
[Result "1-0"]
[WhiteElo "2328"]
[BlackElo "2057"]
[PlyCount "87"]
[EventDate "2004.08.02"]
[EventType "swiss"]
[EventRounds "11"]
[EventCountry "GBR"]

1. c4 e5 2. Nc3 Nf6 3. g3 d5 4. cxd5 Nxd5 5. Bg2 Nb6 6. Nf3 Nc6 7. a3 Be7 8. b4
Be6 9. d3 O-O 10. O-O f6 11. Bb2 Qd7 12. Ne4 Rfd8 13. Nc5 Bxc5 14. bxc5 Nd5 15.
Qc2 Bh3 16. Bxh3 Qxh3 17. Qb3 Qe6 18. Qa2 Kf7 19. Rfd1 a5 20. e4 Nde7 21. Qxe6+
Kxe6 22. d4 exd4 23. Nxd4+ Nxd4 24. Bxd4 a4 25. Bc3 Nc6 26. Kf1 Rd7 27. Rxd7
Kxd7 28. Rb1 Nd8 29. f4 Kc6 30. f5 Kxc5 31. e5 Kc4 32. exf6 Kxc3 33. fxg7 Nf7
34. Rxb7 Rc8 35. Rxc7+ Rxc7 36. g8=Q h5 37. Qe8 Kd3 38. Qxa4 Rc1+ 39. Kg2 Ng5
40. Qb3+ Rc3 41. Qd5+ Ke3 42. Qe5+ Kd3 43. Qd6+ Kc4 44. Qf4+ 1-0

[Event "GBR-ch 91st"]
[Site "Scarborough"]
[Date "2004.08.06"]
[Round "5.17"]
[White "Martyn, Rafe"]
[Black "Hutchinson, Norman A"]
[Result "1-0"]
[WhiteElo "2322"]
[BlackElo "2176"]
[PlyCount "55"]
[EventDate "2004.08.02"]
[EventType "swiss"]
[EventRounds "11"]
[EventCountry "GBR"]

1. d4 Nf6 2. c4 e6 3. g3 d5 4. Nf3 c6 5. Bg2 Bb4+ 6. Bd2 Be7 7. Qc2 Ne4 8. O-O
O-O 9. Bc3 b5 10. c5 a5 11. a3 Nd7 12. Nbd2 f5 13. b4 a4 14. Ne1 Bf6 15. Ndf3
Qe8 16. Nd3 Kf7 17. Bd2 g5 18. Nfe5+ Bxe5 19. dxe5 Rg8 20. Be3 g4 21. f3 gxf3
22. exf3 h5 23. h4 Nxe5 24. fxe4 dxe4 25. Nf2 Rxg3 26. Nxe4 Qg8 27. Nxg3 Qxg3
28. Bf4 1-0

[Event "GBR-ch 91st"]
[Site "Scarborough"]
[Date "2004.08.06"]
[Round "5.18"]
[White "Storey, Charles"]
[Black "Lee, Graham D"]
[Result "1-0"]
[WhiteElo "2217"]
[BlackElo "2316"]
[PlyCount "35"]
[EventDate "2004.08.02"]
[EventType "swiss"]
[EventRounds "11"]
[EventCountry "GBR"]

1. e4 c6 2. d4 d5 3. exd5 cxd5 4. c4 Nf6 5. Nc3 Nc6 6. Nf3 Bg4 7. cxd5 Nxd5 8.
Qb3 Bxf3 9. gxf3 Nb6 10. Be3 e6 11. Rg1 Qc7 12. O-O-O O-O-O 13. Kb1 Nd5 14. Rc1
Kb8 15. Nxd5 Rxd5 16. Bb5 Qb6 17. Bf4+ Ka8 18. Rxc6 1-0

[Event "GBR-ch 91st"]
[Site "Scarborough"]
[Date "2004.08.06"]
[Round "5.19"]
[White "Sherwin, James"]
[Black "Rayner, Francis"]
[Result "1/2-1/2"]
[WhiteElo "2303"]
[BlackElo "2252"]
[PlyCount "44"]
[EventDate "2004.08.02"]
[EventType "swiss"]
[EventRounds "11"]
[EventCountry "GBR"]

1. d4 Nf6 2. Nf3 g6 3. c4 Bg7 4. Nc3 O-O 5. e4 d6 6. Be2 e5 7. O-O Nc6 8. d5
Ne7 9. b4 Ne8 10. Qb3 h6 11. Bb2 f5 12. Ne1 f4 13. f3 g5 14. Nd3 Nf6 15. Kf2 g4
16. Ke1 Ng6 17. Kd2 Nh4 18. Rg1 h5 19. Qd1 Nh7 20. Kc2 Qg5 21. Bc1 Qg6 22. Bd2
g3 1/2-1/2

[Event "GBR-ch 91st"]
[Site "Scarborough"]
[Date "2004.08.06"]
[Round "5.20"]
[White "Haslinger, Stewart"]
[Black "Surtees, Michael"]
[Result "1-0"]
[WhiteElo "2408"]
[BlackElo "2239"]
[PlyCount "119"]
[EventDate "2004.08.02"]
[EventType "swiss"]
[EventRounds "11"]
[EventCountry "GBR"]

1. e4 c6 2. d4 d5 3. Nc3 a6 4. h3 e6 5. Nf3 f6 6. Bd3 g6 7. O-O Bg7 8. Re1 Nh6
9. a4 O-O 10. a5 Nf7 11. Bf1 Re8 12. Be3 Bf8 13. Nd2 e5 14. Nb3 c5 15. Nxd5
cxd4 16. Nb6 Ra7 17. Nxd4 exd4 18. Bxd4 Nc6 19. Nxc8 Qxd4 20. Nxa7 Bc5 21. Qxd4
Nxd4 22. Nb5 axb5 23. Rab1 Nd6 24. b4 Ba7 25. c3 Nc6 26. Rb2 Re6 27. Ra2 Nb8
28. g3 Kf7 29. Kg2 Ke7 30. f3 g5 31. Rd2 Na6 32. Red1 h5 33. Rd5 Nc7 34. R5d2
h4 35. gxh4 gxh4 36. Rd3 Nce8 37. Rd5 Ng7 38. Bxb5 Be3 39. Ba4 Bf4 40. b5 f5
41. e5 Bxe5 42. a6 bxa6 43. bxa6 Nc4 44. Re1 Rxa6 45. Bb3 Rg6+ 46. Kh1 Kf6 47.
Bxc4 Bg3 48. Ra1 Kg5 49. Ra6 Rxa6 50. Bxa6 Kf4 51. Kg2 Be1 52. c4 Nh5 53. Bc8
Ke3 54. Re5+ Kd2 55. Rxf5 Ng3 56. Re5 Ne2 57. Re4 Bg3 58. c5 Nf4+ 59. Kf1 Nd5
60. Rd4+ 1-0

[Event "GBR-ch 91st"]
[Site "Scarborough"]
[Date "2004.08.06"]
[Round "5.21"]
[White "Sowray, Peter J"]
[Black "Snape, Ian"]
[Result "1-0"]
[WhiteElo "2349"]
[BlackElo "2228"]
[PlyCount "71"]
[EventDate "2004.08.02"]
[EventType "swiss"]
[EventRounds "11"]
[EventCountry "GBR"]

1. Nf3 Nf6 2. c4 g6 3. g3 Bg7 4. Bg2 O-O 5. O-O d6 6. Nc3 e5 7. d3 Nc6 8. Rb1
a5 9. a3 h6 10. b4 axb4 11. axb4 Be6 12. b5 Ne7 13. Qb3 Nd7 14. Qb4 f5 15. Nd2
Rb8 16. Nb3 b6 17. Ra1 f4 18. Ra7 Nc8 19. Ra2 g5 20. Nd5 Nc5 21. Bd2 Qd7 22.
Rfa1 f3 23. exf3 Nxd3 24. Qc3 e4 25. Nd4 Bh3 26. Bh1 Ne7 27. Be3 Nf5 28. fxe4
Nxe3 29. Qxd3 Ng4 30. f3 Ne5 31. Qe2 Nxf3+ 32. Nxf3 g4 33. Nh4 Bd4+ 34. Ne3 Qe6
35. Rd1 Qxc4 36. Qxc4+ 1-0

[Event "GBR-ch 91st"]
[Site "Scarborough"]
[Date "2004.08.06"]
[Round "5.23"]
[White "Ledger, David J"]
[Black "Briscoe, Christopher"]
[Result "1-0"]
[WhiteElo "2285"]
[BlackElo "2157"]
[PlyCount "67"]
[EventDate "2004.08.02"]
[EventType "swiss"]
[EventRounds "11"]
[EventCountry "GBR"]

1. e4 e5 2. Bc4 Nf6 3. d3 Nc6 4. Nf3 Be7 5. O-O O-O 6. c3 d6 7. Bb3 Na5 8. Bc2
c5 9. Nbd2 Rb8 10. b4 cxb4 11. cxb4 Nc6 12. b5 Na5 13. d4 exd4 14. Nxd4 Ng4 15.
N2b3 Nc4 16. h3 Nge5 17. f4 Nd7 18. Qd3 Ncb6 19. Nf5 Nc5 20. Nxe7+ Qxe7 21.
Nxc5 dxc5 22. Bb2 Be6 23. e5 Qh4 24. Qc3 Bc4 25. Rf2 Bxb5 26. e6 f6 27. Qxc5
Bc6 28. e7 Rfc8 29. Bb3+ Kh8 30. Qd6 Qh5 31. f5 Qg5 32. Be6 Re8 33. Bf7 Nc8 34.
Qxb8 1-0

[Event "GBR-ch 91st"]
[Site "Scarborough"]
[Date "2004.08.06"]
[Round "5.24"]
[White "Almond, Philip"]
[Black "Rudd, Jack"]
[Result "0-1"]
[WhiteElo "2131"]
[BlackElo "2281"]
[PlyCount "80"]
[EventDate "2004.08.02"]
[EventType "swiss"]
[EventRounds "11"]
[EventCountry "GBR"]

1. c4 b6 2. Nc3 Bb7 3. e4 Nf6 4. d3 e5 5. Nf3 Nc6 6. g3 Bc5 7. Bg2 d6 8. O-O h6
9. Nd5 O-O 10. Bd2 a5 11. a3 Nd4 12. Ne3 Bc8 13. Rb1 Nxf3+ 14. Bxf3 a4 15. Nf5
Kh7 16. Qe2 Ng8 17. Ne3 Ne7 18. Bg2 Nc6 19. Kh1 Bd7 20. f4 Nd4 21. Qd1 b5 22.
f5 bxc4 23. dxc4 Nb3 24. Nd5 c6 25. Nc3 Nxd2 26. Qxd2 Qg5 27. Qxg5 hxg5 28. Bf3
Rfb8 29. Rfc1 Bd4 30. Be2 Rb7 31. Bd3 g6 32. g4 Kg7 33. Kg2 Rab8 34. Nxa4 c5
35. Nc3 Rxb2+ 36. Ne2 Bc6 37. Kf1 Be3 38. Rxb2 Rxb2 39. Rc2 Rb1+ 40. Kg2 Rd1
0-1

[Event "GBR-ch 91st"]
[Site "Scarborough"]
[Date "2004.08.06"]
[Round "5.25"]
[White "Hutchinson, Paul A"]
[Black "Radovanovic, Jovica"]
[Result "0-1"]
[WhiteElo "2216"]
[BlackElo "2189"]
[PlyCount "80"]
[EventDate "2004.08.02"]
[EventType "swiss"]
[EventRounds "11"]
[EventCountry "GBR"]

1. d4 Nf6 2. Bg5 e6 3. e4 h6 4. Bxf6 Qxf6 5. c3 b6 6. Nd2 c5 7. Ngf3 cxd4 8.
Nxd4 Qd8 9. Be2 Be7 10. O-O O-O 11. Qc2 Bb7 12. Rad1 a6 13. a4 d6 14. f4 Nd7
15. Bf3 Qc7 16. Kh1 Rac8 17. Rfe1 Bh4 18. Re2 Bf6 19. Nf1 Rfd8 20. Qb1 Nc5 21.
b3 e5 22. Nf5 exf4 23. c4 Be5 24. h3 h5 25. g4 fxg3 26. N1xg3 g6 27. Rg2 Kf8
28. Ne3 d5 29. exd5 Bxg3 30. Bxh5 Re8 31. Bxg6 Rxe3 32. Rf1 Rce8 33. Rgg1 Re1
34. Qf5 Rxf1 35. Rxf1 Re1 36. Rxe1 Bxe1 37. Qh5 Bc3 38. Qh6+ Bg7 39. Qg5 fxg6
40. Qxg6 Nd7 0-1

[Event "GBR-ch 91st"]
[Site "Scarborough"]
[Date "2004.08.06"]
[Round "5.26"]
[White "Spence, David J"]
[Black "Hempson, Peter"]
[Result "1-0"]
[WhiteElo "2236"]
[BlackElo "2172"]
[PlyCount "123"]
[EventDate "2004.08.02"]
[EventType "swiss"]
[EventRounds "11"]
[EventCountry "GBR"]

1. d4 d5 2. Nf3 Nf6 3. e3 e6 4. Bd3 c5 5. b3 Nc6 6. Bb2 cxd4 7. exd4 Bb4+ 8. c3
Bd6 9. O-O O-O 10. Re1 Qc7 11. Na3 a6 12. c4 g6 13. Ne5 Ne8 14. h4 Qe7 15. Nxc6
bxc6 16. c5 Bf4 17. g3 Bh6 18. h5 Nf6 19. hxg6 fxg6 20. Nc2 a5 21. Qe2 Qf7 22.
Bc1 Bg7 23. Bf4 Nd7 24. Bd6 Re8 25. f4 Nb8 26. Rad1 Na6 27. a3 Bf8 28. Be5 Bg7
29. Ne3 Nc7 30. Ng4 Rf8 31. Rf1 Ne8 32. Rf2 Qb7 33. Bc2 Ra7 34. Rh2 Nf6 35.
Bxf6 Bxf6 36. Kg2 Qg7 37. Qd2 h5 38. Ne5 Bxe5 39. fxe5 Raf7 40. Bd3 Rf3 41.
Rhh1 Rf2+ 42. Qxf2 Rxf2+ 43. Kxf2 Qh6 44. Rh4 g5 45. Rhh1 Bd7 46. Ke2 Be8 47.
Kd2 Bg6 48. Kc3 Bxd3 49. Rxd3 Qg6 50. b4 a4 51. Rhd1 Qf7 52. b5 cxb5 53. Kb4
Kf8 54. Rc3 Qf2 55. Rdd3 Ke8 56. c6 Kd8 57. Kc5 Qf8+ 58. Kb6 b4 59. Kb7 bxc3
60. Rxc3 Qf1 61. c7+ Ke7 62. c8=Q 1-0

[Event "GBR-ch 91st"]
[Site "Scarborough"]
[Date "2004.08.06"]
[Round "5.27"]
[White "Burrows, Martin"]
[Black "Mycroft, Richard"]
[Result "1/2-1/2"]
[WhiteElo "2226"]
[BlackElo "2110"]
[PlyCount "130"]
[EventDate "2004.08.02"]
[EventType "swiss"]
[EventRounds "11"]
[EventCountry "GBR"]

1. e4 g6 2. d4 Bg7 3. Nc3 c6 4. f4 d5 5. e5 Nh6 6. Nf3 f6 7. Be3 O-O 8. Qd2 Bg4
9. Be2 Nf5 10. Bf2 Bh6 11. exf6 exf6 12. O-O-O Nd7 13. h3 Bxf3 14. Bxf3 Qc7 15.
Ne2 b5 16. h4 Nb6 17. b3 a5 18. h5 g5 19. g4 Nd6 20. Kb1 Rae8 21. Bg3 Qe7 22.
Nc1 Ne4 23. Bxe4 dxe4 24. f5 b4 25. Ne2 Nd5 26. Bh2 Rf7 27. Rhe1 Bf8 28. Bg1
Qc7 29. Be3 h6 30. Rf1 Qh2 31. Rde1 Qh3 32. Ng1 Qxg4 33. Kb2 Bd6 34. Re2 Nxe3
35. Qxe3 Bf4 36. Qh3 Qg3 37. Qxg3 Bxg3 38. Nh3 Rd7 39. c3 c5 40. Rd1 Rd5 41.
Rg1 Bh4 42. Nf4 Rxf5 43. Ng6 Rf2 44. Rg2 Rxg2 45. Rxg2 Kf7 46. dxc5 e3 47. Re2
Bf2 48. cxb4 axb4 49. c6 Rc8 50. Rc2 Ke6 51. Kc1 Be1 52. Rc4 f5 53. Kd1 Bc3 54.
a3 bxa3 55. Rxc3 a2 56. Rc1 f4 57. Ke2 Rc7 58. Ra1 Rxc6 59. Rxa2 Rc1 60. Kf3
Rf1+ 61. Ke4 Rb1 62. Nxf4+ gxf4 63. Kxf4 Rxb3 64. Re2 Kf6 65. Rxe3 Rxe3 1/2-1/2

[Event "GBR-ch 91st"]
[Site "Scarborough"]
[Date "2004.08.06"]
[Round "5.28"]
[White "Bryant, Richard"]
[Black "Nixon, Thomas"]
[Result "1/2-1/2"]
[WhiteElo "1872"]
[BlackElo "2198"]
[PlyCount "162"]
[EventDate "2004.08.02"]
[EventType "swiss"]
[EventRounds "11"]
[EventCountry "GBR"]

1. e4 e5 2. Nf3 Nc6 3. d4 exd4 4. c3 d5 5. exd5 Qxd5 6. cxd4 Nf6 7. Nc3 Bb4 8.
Bd2 Qd8 9. Bb5 O-O 10. Bxc6 bxc6 11. O-O Bg4 12. Bg5 Qd6 13. Qd3 Nd7 14. Qe4 f5
15. Qf4 h6 16. Qxd6 cxd6 17. Bc1 Bxf3 18. gxf3 Rfe8 19. a3 Bxc3 20. bxc3 Nb6
21. Bf4 Re6 22. Rfe1 Rae8 23. Kf1 Kf7 24. Rxe6 Rxe6 25. Re1 Rxe1+ 26. Kxe1 Ke6
27. Kd1 Nc4 28. Bc1 a5 29. a4 Nb6 30. Kc2 d5 31. Bf4 Nc4 32. h4 Kf6 33. Bc7 g5
34. h5 f4 35. Kd3 Kf5 36. Ke2 Nb2 37. Bxa5 Nxa4 38. Kf1 g4 39. Kg2 Kg5 40. fxg4
Kxg4 41. f3+ Kxh5 42. Kh3 Kg5 43. Bd8+ Kf5 44. Ba5 Nb2 45. Kg2 Nc4 46. Bd8 Nd2
47. Be7 Nb1 48. Bb4 h5 49. Ba5 h4 50. Bd8 Nxc3 51. Bxh4 Nb5 52. Bf2 Ke6 53. Kf1
Kd6 54. Ke2 Nc7 55. Kd3 Ne6 56. Bh4 c5 57. dxc5+ Nxc5+ 58. Kd4 Ne6+ 59. Kd3 Ke5
60. Bf2 Ng5 61. Bd4+ Kd6 62. Ke2 Kc6 63. Be5 Ne6 64. Kd3 Kc5 65. Bb8 Kb4 66.
Bd6+ Kb5 67. Bb8 Kc5 68. Be5 d4 69. Bb8 Kd5 70. Kd2 Kc4 71. Be5 d3 72. Bd6 Kd5
73. Bb8 Kd4 74. Bd6 Ng5 75. Bxf4 Nxf3+ 76. Kd1 Ng1 77. Bh6 Ne2 78. Kd2 Ng3 79.
Bg7+ Kc4 80. Bh6 Ne4+ 81. Kd1 d2 1/2-1/2

[Event "GBR-ch 91st"]
[Site "Scarborough"]
[Date "2004.08.06"]
[Round "5.29"]
[White "Gregory, Stephen J"]
[Black "Pym, Thomas"]
[Result "0-1"]
[WhiteElo "2180"]
[BlackElo "2059"]
[PlyCount "78"]
[EventDate "2004.08.02"]
[EventType "swiss"]
[EventRounds "11"]
[EventCountry "GBR"]

1. e4 c5 2. Nf3 d6 3. d3 Nc6 4. g3 e5 5. Bg2 Nf6 6. c3 Be7 7. O-O O-O 8. a3 b5
9. Re1 a5 10. Nbd2 Rb8 11. Nf1 Be6 12. h3 Qc7 13. g4 Nd7 14. Ng3 g6 15. Qd2 f6
16. Kh1 Nb6 17. Rg1 d5 18. Nh4 Rbd8 19. Qh6 Rf7 20. Nhf5 Bf8 21. Qh4 gxf5 22.
gxf5 Bc8 23. Bf3 Kh8 24. Bh5 Bb7 25. Bxf7 Qxf7 26. Nh5 Nd7 27. Rg3 Ne7 28. Rg4
dxe4 29. Ng3 exd3+ 30. Kh2 Qd5 31. Ne4 Nxf5 32. Qh5 Ng7 33. Qh4 Re8 34. Bh6 Nf5
35. Bxf8 Nxh4 36. Bg7+ Kg8 37. Bxf6+ Ng6 38. h4 Qxe4 39. Rxe4 Bxe4 0-1

[Event "GBR-ch 91st"]
[Site "Scarborough"]
[Date "2004.08.06"]
[Round "5.30"]
[White "Kafka, Graeme"]
[Black "Ledger, Stephen C"]
[Result "1/2-1/2"]
[WhiteElo "2143"]
[BlackElo "2203"]
[PlyCount "39"]
[EventDate "2004.08.02"]
[EventType "swiss"]
[EventRounds "11"]
[EventCountry "GBR"]

1. e4 c5 2. Nf3 Nc6 3. d4 cxd4 4. Nxd4 e5 5. Nb5 a6 6. Nd6+ Bxd6 7. Qxd6 Qf6 8.
Qxf6 Nxf6 9. Nc3 Nb4 10. Kd2 d5 11. a3 d4 12. axb4 dxc3+ 13. Ke3 Ng4+ 14. Ke2
cxb2 15. Bxb2 Be6 16. h3 Rc8 17. Rc1 Nf6 18. Ke3 Nd7 19. Bd3 f6 20. c4 1/2-1/2

[Event "GBR-ch 91st"]
[Site "Scarborough"]
[Date "2004.08.06"]
[Round "5.31"]
[White "Clarke, Thomas"]
[Black "Smith, Graham"]
[Result "1-0"]
[WhiteElo "2132"]
[BlackElo "2157"]
[PlyCount "84"]
[EventDate "2004.08.02"]
[EventType "swiss"]
[EventRounds "11"]
[EventCountry "GBR"]

1. e4 d6 2. f4 Nf6 3. Nc3 g6 4. d4 Bg7 5. Nf3 c5 6. dxc5 Qa5 7. Bb5+ Bd7 8.
Bxd7+ Nbxd7 9. cxd6 Nxe4 10. Qe2 Bxc3+ 11. Kf1 Bf6 12. Qxe4 Qa6+ 13. Kf2 Qxd6
14. Be3 Nc5 15. Qc4 b6 16. Rad1 Qc6 17. Bxc5 Qxc5+ 18. Qxc5 bxc5 19. b3 Rd8 20.
Rxd8+ Kxd8 21. Rd1+ Kc7 22. Ke3 Rb8 23. Ke4 Kc6 24. c4 a5 25. Rd3 a4 26. g4
axb3 27. axb3 h5 28. gxh5 gxh5 29. Ng5 Bxg5 30. fxg5 Rg8 31. Kf5 e6+ 32. Kf6
Rg6+ 33. Kxf7 Rxg5 34. Kxe6 Rg4 35. Rd6+ Kc7 36. Rd5 Rh4 37. Rxc5+ Kb6 38. Kd6
Rxh2 39. Rb5+ Ka6 40. Kc6 h4 41. b4 Ka7 42. Rh5 Kb8 1-0

[Event "GBR-ch 91st"]
[Site "Scarborough"]
[Date "2004.08.07"]
[Round "6.3"]
[White "Ward, Chris"]
[Black "Gormally, Daniel W"]
[Result "1/2-1/2"]
[WhiteElo "2490"]
[BlackElo "2479"]
[PlyCount "61"]
[EventDate "2004.08.02"]
[EventType "swiss"]
[EventRounds "11"]
[EventCountry "GBR"]

1. d4 d5 2. c4 c6 3. Nf3 Nf6 4. Nc3 a6 5. e3 b5 6. b3 Bf5 7. a4 bxc4 8. bxc4 e6
9. c5 a5 10. Ba3 Be7 11. Bd3 Nbd7 12. O-O Bg4 13. Rb1 e5 14. Be2 Bxf3 15. Bxf3
exd4 16. exd4 O-O 17. Re1 Re8 18. Bc1 Qc7 19. g3 Nf8 20. Bf4 Qc8 21. Qd3 Ne6
22. Be3 g6 23. Re2 Nd7 24. Reb2 Bf6 25. Ne2 Nexc5 26. Qc2 Na6 27. Bd2 c5 28.
Bxa5 cxd4 29. Qxc8 Raxc8 30. Nf4 Nac5 31. Nxd5 1/2-1/2

[Event "GBR-ch 91st"]
[Site "Scarborough"]
[Date "2004.08.07"]
[Round "6.5"]
[White "Greet, Andrew"]
[Black "Summerscale, Aaron"]
[Result "1/2-1/2"]
[WhiteElo "2310"]
[BlackElo "2493"]
[PlyCount "83"]
[EventDate "2004.08.02"]
[EventType "swiss"]
[EventRounds "11"]
[EventCountry "GBR"]

1. d4 c5 2. d5 f5 3. Nc3 Nf6 4. Nh3 g6 5. Nf4 Bg7 6. h4 Kf7 7. e4 e5 8. dxe6+
dxe6 9. Be3 Nxe4 10. Nxe4 Qxd1+ 11. Rxd1 fxe4 12. c3 b6 13. h5 g5 14. h6 Bf6
15. Nh5 Be7 16. Be2 Nd7 17. Ng3 Nf6 18. Bxg5 Bb7 19. Nf1 Rhg8 20. Bxf6 Kxf6 21.
Ne3 Rad8 22. Rxd8 Bxd8 23. g3 Kf7 24. Bc4 Bg5 25. Ke2 Rd8 26. Rh5 Kg6 27. Rh1
Rd6 28. a4 Bxh6 29. Ra1 Bc6 30. Bb5 Bb7 31. a5 Bxe3 32. Kxe3 a6 33. Be2 bxa5
34. b3 Rb6 35. Bd1 c4 36. bxc4 Rc6 37. Rxa5 Rxc4 38. Ra3 Kf6 39. Be2 Rc5 40.
Bxa6 Bxa6 41. Rxa6 Rxc3+ 42. Kxe4 1/2-1/2

[Event "GBR-ch 91st"]
[Site "Scarborough"]
[Date "2004.08.07"]
[Round "6.6"]
[White "Hanley, Craig A"]
[Black "Palliser, Richard"]
[Result "1-0"]
[WhiteElo "2356"]
[BlackElo "2411"]
[PlyCount "57"]
[EventDate "2004.08.02"]
[EventType "swiss"]
[EventRounds "11"]
[EventCountry "GBR"]

1. Nf3 c5 2. g3 Nc6 3. Bg2 g6 4. O-O Bg7 5. e4 d6 6. d3 e5 7. Nc3 Nge7 8. Nd5
O-O 9. c3 h6 10. Nd2 Nxd5 11. exd5 Ne7 12. a4 Bf5 13. Nc4 Qd7 14. Re1 Bh3 15.
Bxh3 Qxh3 16. Nxd6 Qd7 17. Ne4 Nxd5 18. Nxc5 Qc6 19. Ne4 Rad8 20. Qb3 f5 21.
Nd2 f4 22. Qc4 Qf6 23. Ne4 Qe6 24. Kg2 f3+ 25. Kh1 Qh3 26. Rg1 Kh8 27. a5 Rf5
28. g4 Rf7 29. Bg5 1-0

[Event "GBR-ch 91st"]
[Site "Scarborough"]
[Date "2004.08.07"]
[Round "6.7"]
[White "Houska, Jovanka"]
[Black "Knott, Simon"]
[Result "1/2-1/2"]
[WhiteElo "2375"]
[BlackElo "2359"]
[PlyCount "48"]
[EventDate "2004.08.02"]
[EventType "swiss"]
[EventRounds "11"]
[EventCountry "GBR"]

1. e4 e6 2. d4 d5 3. Nc3 Bb4 4. e5 c5 5. Bd2 Ne7 6. Nb5 Bxd2+ 7. Qxd2 O-O 8.
dxc5 Nd7 9. f4 Nxc5 10. O-O-O Bd7 11. Nd4 a5 12. Ngf3 a4 13. a3 Qa5 14. Bd3
Qxd2+ 15. Rxd2 Rfc8 16. h4 Nf5 17. Nxf5 exf5 18. Kb1 h5 19. Re1 g6 20. Nd4 Ra5
21. g3 Kf8 22. c3 Ke7 23. Nc2 Be6 24. Nd4 Bd7 1/2-1/2

[Event "GBR-ch 91st"]
[Site "Scarborough"]
[Date "2004.08.07"]
[Round "6.8"]
[White "Hebden, Mark"]
[Black "Martyn, Rafe"]
[Result "1/2-1/2"]
[WhiteElo "2559"]
[BlackElo "2322"]
[PlyCount "128"]
[EventDate "2004.08.02"]
[EventType "swiss"]
[EventRounds "11"]
[EventCountry "GBR"]

1. d4 Nf6 2. Nf3 e6 3. c3 d5 4. Bg5 Be7 5. Nbd2 Nbd7 6. e3 O-O 7. Bd3 b6 8. Qb1
h6 9. Bf4 Nh5 10. Be5 f6 11. Bg3 Nxg3 12. hxg3 f5 13. Nh4 Bxh4 14. Rxh4 a5 15.
Nf3 Ba6 16. Bxa6 Rxa6 17. Qd3 Ra7 18. O-O-O Qf6 19. Rdh1 c6 20. Rh5 e5 21. dxe5
Nxe5 22. Nxe5 Qxe5 23. R1h4 Re7 24. c4 dxc4 25. Rxc4 Qe6 26. Rd4 Qf7 27. Qb3
Qxb3 28. axb3 Rf6 29. Rh1 Kf7 30. Rhd1 h5 31. Rd8 Re8 32. R1d7+ Re7 33. Rxe7+
Kxe7 34. Rb8 Kd6 35. Rxb6 Kc5 36. Rb7 g6 37. Rd7 Re6 38. Kc2 Kb5 39. Kd3 Kb4
40. Rb7+ Kc5 41. Kc3 Rd6 42. Re7 Rd1 43. Re6 Rc1+ 44. Kd2 Rf1 45. f4 Rf2+ 46.
Kc3 Re2 47. Rxg6 Rxe3+ 48. Kc2 Re2+ 49. Kb1 Rxg2 50. Rg5 Kb4 51. Ka2 a4 52.
bxa4 Kxa4 53. Rxh5 Rxg3 54. Rxf5 Rf3 55. Rf8 c5 56. f5 Kb5 57. f6 Kc6 58. b3
Kd7 59. f7 Ke7 60. Rc8 Rxf7 61. Rxc5 Kd6 62. Rc8 Rc7 63. Rxc7 Kxc7 64. Ka3 Kb7
1/2-1/2

[Event "GBR-ch 91st"]
[Site "Scarborough"]
[Date "2004.08.07"]
[Round "6.9"]
[White "Mannion, Stephen"]
[Black "Emms, John"]
[Result "1/2-1/2"]
[WhiteElo "2333"]
[BlackElo "2508"]
[PlyCount "114"]
[EventDate "2004.08.02"]
[EventType "swiss"]
[EventRounds "11"]
[EventCountry "GBR"]

1. d4 Nf6 2. Nf3 e6 3. c3 c5 4. Bg5 d5 5. Nbd2 Be7 6. e3 Nbd7 7. Bd3 Qc7 8. O-O
O-O 9. Rc1 b6 10. c4 Ba6 11. Qe2 Rac8 12. cxd5 Bxd3 13. Qxd3 exd5 14. e4 dxe4
15. Nxe4 Qd8 16. Rfe1 h6 17. Bh4 Nxe4 18. Bxe7 Qxe7 19. Rxe4 Qd6 20. Qa3 Rfe8
21. Ree1 a6 22. h3 Qd5 23. Qa4 Rxe1+ 24. Rxe1 c4 25. Re7 Rd8 26. Ne5 Nxe5 27.
Re8+ Rxe8 28. Qxe8+ Kh7 29. dxe5 b5 30. Qe7 b4 31. Qd6 Qe4 32. Qc7 Qe1+ 33. Kh2
Qxf2 34. Qxc4 Qxb2 35. Qe4+ g6 36. e6 fxe6 37. Qxe6 Qg7 38. h4 h5 39. Qd6 Qb7
40. Qd1 Qc6 41. Qd4 Qc7+ 42. Kh1 Qe7 43. g3 Qe1+ 44. Kg2 Qe2+ 45. Kg1 Qxa2 46.
Qa7+ Kg8 47. Qb8+ Kf7 48. Qc7+ Kf6 49. Qc6+ Ke5 50. Qxg6 b3 51. Qxh5+ Kd4 52.
Qg4+ Kc3 53. Qf3+ Kb2 54. Qf6+ Kb1 55. Qf1+ Kc2 56. Qf2+ Kc3 57. Qf3+ Kb2
1/2-1/2

[Event "GBR-ch 91st"]
[Site "Scarborough"]
[Date "2004.08.07"]
[Round "6.11"]
[White "Gordon, Stephen"]
[Black "Quinn, Mark"]
[Result "1/2-1/2"]
[WhiteElo "2338"]
[BlackElo "2406"]
[PlyCount "84"]
[EventDate "2004.08.02"]
[EventType "swiss"]
[EventRounds "11"]
[EventCountry "GBR"]

1. d4 d5 2. c4 dxc4 3. Nf3 Nf6 4. e3 e6 5. Bxc4 c5 6. O-O a6 7. Qe2 b5 8. Bd3
cxd4 9. exd4 Bb7 10. Nbd2 Nc6 11. Nb3 Qd5 12. Bg5 Bd6 13. Rae1 Nb4 14. Bb1 Rc8
15. Na5 Ba8 16. a3 Na2 17. Qd1 Rg8 18. Nb3 h6 19. Bxf6 gxf6 20. Be4 Qxe4 21.
Rxe4 Bxe4 22. Qe2 Bd5 23. Nc5 Bxc5 24. dxc5 Rxc5 25. Qe3 Rc4 26. h3 Rg6 27. Rd1
Kf8 28. Kh2 h5 29. Nh4 Rxh4 30. Rxd5 exd5 31. f4 f5 32. Qc5+ Kg8 33. g3 Re6 34.
gxh4 Re2+ 35. Kg3 Rxb2 36. Qxd5 Nc3 37. Qa8+ Kg7 38. Qxa6 Ne4+ 39. Kf3 Rb3+ 40.
Kg2 Rb2+ 41. Kf1 Rb1+ 42. Ke2 Rb2+ 1/2-1/2

[Event "GBR-ch 91st"]
[Site "Scarborough"]
[Date "2004.08.07"]
[Round "6.12"]
[White "Muir, Andrew J"]
[Black "Dearing, Eddie"]
[Result "1/2-1/2"]
[WhiteElo "2328"]
[BlackElo "2393"]
[PlyCount "70"]
[EventDate "2004.08.02"]
[EventType "swiss"]
[EventRounds "11"]
[EventCountry "GBR"]

1. d4 d5 2. c4 e6 3. Nc3 Be7 4. Nf3 Nf6 5. Bg5 h6 6. Bh4 O-O 7. e3 b6 8. Be2
Bb7 9. Bxf6 Bxf6 10. cxd5 exd5 11. b4 c6 12. O-O a5 13. b5 c5 14. Ne5 Bxe5 15.
dxe5 d4 16. exd4 cxd4 17. Na4 Nd7 18. Qxd4 Qg5 19. g3 Rad8 20. f4 Qf5 21. Rad1
Nc5 22. Qxd8 Qe4 23. Bf3 Qe3+ 24. Rf2 Rxd8 25. Rxd8+ Kh7 26. Nxc5 Bxf3 27. Nd7
Kg6 28. e6 Qe1+ 29. Rf1 Qe3+ 30. Rf2 f6 31. f5+ Kxf5 32. e7 Qe1+ 33. Rf1 Qe3+
34. Rf2 Qe1+ 35. Rf1 Qe3+ 1/2-1/2

[Event "GBR-ch 91st"]
[Site "Scarborough"]
[Date "2004.08.07"]
[Round "6.13"]
[White "Ledger, David J"]
[Black "Haslinger, Stewart"]
[Result "1/2-1/2"]
[WhiteElo "2285"]
[BlackElo "2408"]
[PlyCount "42"]
[EventDate "2004.08.02"]
[EventType "swiss"]
[EventRounds "11"]
[EventCountry "GBR"]

1. e4 e5 2. Bc4 Nf6 3. d3 Nc6 4. Nf3 Bc5 5. O-O d6 6. c3 a6 7. Bb3 Ba7 8. Nbd2
O-O 9. h3 h6 10. Re1 Nh5 11. Nf1 Qf6 12. Be3 Nf4 13. Bxa7 Rxa7 14. Ne3 Be6 15.
Bc2 Ne7 16. d4 h5 17. Nf5 Nxf5 18. exf5 Bxf5 19. dxe5 Nxh3+ 20. Kf1 Bxc2 21.
Qxc2 dxe5 1/2-1/2

[Event "GBR-ch 91st"]
[Site "Scarborough"]
[Date "2004.08.07"]
[Round "6.14"]
[White "Rudd, Jack"]
[Black "Gwaze, Robert"]
[Result "1-0"]
[WhiteElo "2281"]
[BlackElo "2376"]
[PlyCount "77"]
[EventDate "2004.08.02"]
[EventType "swiss"]
[EventRounds "11"]
[EventCountry "GBR"]

1. e4 e5 2. Nf3 Nc6 3. Bb5 a6 4. Ba4 Nf6 5. O-O Be7 6. Re1 b5 7. Bb3 d6 8. c3
O-O 9. h3 Nb8 10. d4 Nbd7 11. Nbd2 Bb7 12. Bc2 Re8 13. Nf1 Bf8 14. Ng3 g6 15.
a4 Bg7 16. b4 Rb8 17. d5 Qe7 18. axb5 axb5 19. Ra7 Rec8 20. Bb3 h6 21. Be3 c6
22. dxc6 Bxc6 23. Qd2 Kh7 24. Rd1 Bf8 25. Qa2 Ra8 26. Bxf7 Rxa7 27. Bxa7 Nxe4
28. Bxg6+ Kxg6 29. Qg8+ Bg7 30. Qxc8 Nxc3 31. Qxc6 Nxd1 32. Qc2+ Kf7 33. Qxd1
Nf6 34. Bb8 Bf8 35. Nf5 Qd8 36. Bxd6 Ke6 37. Qb3+ Kxf5 38. Nh4+ Ke4 39. Bxf8
1-0